ბათუმის შოთა რუსთაველის სახელმწიფო უნივერსიტეტის ბიბლიოთეკა

წათეს წითელი წაღები (ბიბ.ჩანაწერი № 48891)

000 -LEADER
fixed length control field 00826nam a2200229Ia 4500
001 - CONTROL NUMBER
control field 15794
003 - CONTROL NUMBER IDENTIFIER
control field GE_BSU
008 - FIXED-LENGTH DATA ELEMENTS--GENERAL INFORMATION
fixed length control field 181216s||||||||xx |||||||||||||| ||und||
020 ## - INTERNATIONAL STANDARD BOOK NUMBER
International Standard Book Number 978-99940-69-44-6
040 ## - CATALOGING SOURCE
Transcribing agency GE_BSU
100 ## - MAIN ENTRY--PERSONAL NAME
Personal name ჭილაძე, ო. (ოთარ, 1933-2009)
245 ## - TITLE STATEMENT
Title წათეს წითელი წაღები
245 ## - TITLE STATEMENT
Remainder of title ლაბირინთი : პიესები
245 ## - TITLE STATEMENT
Statement of responsibility, etc. რედ. მანანა ბალიაშვილი ; მხატვ. გია ცხადაია
260 ## - PUBLICATION, DISTRIBUTION, ETC.
Place of publication, distribution, etc. თბილისი
260 ## - PUBLICATION, DISTRIBUTION, ETC.
Name of publisher, distributor, etc. პეგასი
260 ## - PUBLICATION, DISTRIBUTION, ETC.
Date of publication, distribution, etc. 2007
300 ## - PHYSICAL DESCRIPTION
Extent 190 გვ. ; 21 სმ
653 ## - INDEX TERM--UNCONTROLLED
Uncontrolled term ლაბირინთი : პიესები
653 ## - INDEX TERM--UNCONTROLLED
Uncontrolled term წათეს წითელი წაღები
942 ## - ADDED ENTRY ELEMENTS (KOHA)
Koha item type წიგნი
ეგზემპლარები
Withdrawn status Lost status Damaged status Not for loan Date acquired Barcode Date last seen Price effective from Koha item type
        2018-12-17 39201 2018-12-17 2018-12-17 წიგნი
        2018-12-17 39202 2018-12-17 2018-12-17 წიგნი